00301 a2200157 4500020000800000040001400008082000800022100001100030245000500041260003900046300000900085650002100094700000500115942000800120999001500128 aS/N aULA-LD-MS a658 91074a a aLuandabUniversidade Lusiadac2019 a144p aRecursos Humanos a cTFC c2252d2252